000 nam a22 a 4500
999 _c4182
_d4182
005 20170525144245.0
008 170525s1999 be ||||| |||| 00| 0 eng d
040 _aAKMAL
082 _a343.08 WCO
090 _a343.08
_bWCO
245 1 0 _aCustoms Valuation Control Handbook:
_bWTO Valuation Agreement (revised July,1999)
260 _aBrussels:
_bWorld Customs Organization,
_c1999
300 _avarious paging;
_c30cm
610 2 0 _aWorld Trade Organization.
_96011
610 2 0 _aGeneral Agreement on Tariffs and Trade (Organization)
_96012
650 1 0 _aCustoms Administration
_vLaw and legislation
_98208
650 2 0 _aCustoms appraisal
_xLaw and legislation.
_98214
710 _aWorld Customs Organization
_95917
942 _2ddc
_cBOOK
950 _lAKMAL